000 00240nam a2200097Ia 4500
008 170619s9999 xx 000 0 und d
100 _aKosow- Irving L.
245 0 _aElectrical Machinery and Transforms
260 _bNew Delhi: PHI
260 _c2003
546 _aENGLISH
999 _c16659
_d16659